Bilecik Bilecik Bilecik Bilecik Bilecik

What every engineering should know about concurrent engineering/ (Record no. 1817)

MARC details
000 -BAŞLIK
Sabit Uzunluktaki Kontrol Alanı 01058nam a22003377a 4500
001 - KONTROL NUMARASI
Control Dosyası 0001830
003 - KONTROL NUMARASI KİMLİĞİ
Kontrol Alanı KOHA_MİRAKIL
005 - EN SON İŞLEM TARİHİ ve ZAMANI
Kontrol Alanı 20260207001254.0
007 - FİZİKSEL TANIM SABİT ALAN - GENEL BİLGİ
Sabit uzunluklu kontrol alanı ta
008 - SABİT UZUNLUKTAKİ VERİ ÖGELERİ - GENEL BİLGİ
Sabit Alan 090217b1995 us |||gr||||#||||0|eng |
020 ## - ISBN - ULUSLARARASI STANDART KİTAP NUMARASI
Isbn 0824795784
Kullanılabilirlik koşulları 115,46599999999999
040 ## - KATALOGLAMA KAYNAĞI
Özgün Kataloglama Kurumu TR-BiSEU
Kataloglama Dili tur
Çeviri Kurumu TR-BiSEU
Açıklama Kuralları rda
041 0# - DİL KODU
Metin ya da ses kaydının dil kodu eng
044 ## - YAYINLAYAN/ÜRETEN KURULUŞUN ÜLKE KODU
ISO country code us
050 ## - SINIFLAMA ve YER NUMARASI
Sınıflama Numarası TA174
Yer Numarası .S246 1995
100 1# - KİŞİ ADI
Yazar Adı (Kişi adı) Salomone, Thomas A..
245 1# - ESER ADI BİLDİRİMİ
Başlık What every engineering should know about concurrent engineering/
Sorumluluk Bildirimi Thomas A. Salomone ; Thomas A. Salomone.
264 #1 - ÜRERİM, YAYIN, DAĞITIM ve TELİF BİLDİRİMİ
Yayın yeri New York :
Yayınlayan M. Dekker , c.1995
Yayın tarihi 1995
300 ## - FİZİKSEL TANIMLAMA
Sayfa, Cilt vb. X, 258 sayfa: resimli
336 ## - İÇERİK TÜRÜ
Content type term metin
Content type code txt
Source rdacontent
337 ## - MEDYA TÜRÜ
Media type term aracısız
Media type code n
Source rdamedia
338 ## - TAŞIYICI TÜRÜ
Carrier type term cilt
Carrier type code nc
Source rdacarrier
490 1# - DİZİ BİLDİRİMİ
Dizi Bildirimi What every engineering should know ;
Cilt Numarası v.
490 1# - DİZİ BİLDİRİMİ
Dizi Bildirimi 34.
500 ## - GENEL NOT
Genel Not Kaynakça ve dizin var.
650 #0 - KONU BAŞLIĞI EK GİRİŞ - KONU TERİMİ
Konusal terim veya coğrafi ad Mühendislik tasarım.
9 (RLIN) 5470
650 #0 - KONU BAŞLIĞI EK GİRİŞ - KONU TERİMİ
Konusal terim veya coğrafi ad Eşzamanlı mühendislik.
9 (RLIN) 4827
830 1# - SERİ EK GİRİŞİ - TEKBİÇİM ESER ADI
Tekbiçim Başlık What every engineering should know ;
Volume number/sequential designation v.
9 (RLIN) 5471
830 1# - SERİ EK GİRİŞİ - TEKBİÇİM ESER ADI
Tekbiçim Başlık 34.
9 (RLIN) 5472
942 ## - EK GİRİŞ ÖGELERİ (KOHA)
Source of classification or shelving scheme Library of Congress Classification
Koha item type Book
Holdings
Materyal Türü Kalıcı Konum Mevcut Konum Raf Yeri Sınıflandırma Kaynağı Edinim Bilgisi Ana Konular Alt Konular Yer Numarası Demirbaş Numarası Fatura Tarihi Maliyet, Alış Fiyatı Maliyet, Yenileme Fiyatı Geri Çekilme Durumu Kayıp Durumu Hasarlı Durumu Kredi için değil Kayıt Tarih Toplam Ödünçverme Son Görülme Tarihi Son Kontrol Tarihi
Book Prof. Dr. Azmi Özcan Kütüphanesi Prof. Dr. Azmi Özcan Kütüphanesi Birûni Salonu Library of Congress Classification Satın TEKNOLOJİ Mühendislik (Genel), İnşaat Mühendisliği (Genel) TA174 .S246 1995 0001830 12/12/2008 124.70 124.70         17/02/2009   05/12/2024 05/12/2024